Statistiques concernant Pays les plus proches de Malawi - Une minute sprint

Cliquez ici pour prendre le quiz!

Statistiques générales

  • Ce quiz a été pris 70 fois
  • Le résultat moyen est 15 sur 20

Statistiques - réponses

kmpays% Correct
707Afrique du Sud
92%
0Zambie
92%
162Zimbabwe
90%
0Tanzanie
88%
0Mozambique
87%
795Kenya
85%
1433Lesotho
85%
292Rép Dém Congo
85%
1028Eswatini
82%
652Burundi
80%
815Rwanda
80%
919Namibie
78%
879Madagascar
75%
936Angola
73%
820Botswana
72%
942Ouganda
70%
1232Somalie
67%
859Comores
57%
1551Ethiopie
57%
1434Soudan du Sud
43%

Distribution des résultats

Percentile par nombre de réponses

% des personnes avec chaque résultat

Votre développement - résultats

Vous n’avez pas pris ce quiz